000 00567nmm a2200169Ia 4500
008 251105s9999||||xx |||||||||||||||||und||
020 _a9788427718029
041 _aspa
100 _aBurtscher, Irmgard M.
245 0 _aPequeños-grandes científicos : Experimentos con el agua, el aire, los fenómenos atmosféricos, el sol y la luna y el tiempo
264 _a[Madrid, España] :
_bNarcea Ediciones,
_c2011
300 _a146 páginas
490 _aHerramientas
650 _aEducation
856 _uhttps://public.digitaliapublishing.com/a/40882
942 _cCF
999 _c80741
_d80741